The economics and ecology of biodiversity decline : the forces driving global change
Αποθηκεύτηκε σε:
| Άλλοι συγγραφείς: | |
|---|---|
| Μορφή: | Βιβλίο |
| Γλώσσα: | English |
| Δημοσίευση: |
Cambridge :
Cambridge University Press,
1998
|
| Θέματα: | |
| Ετικέτες: |
Προσθήκη ετικέτας
Δεν υπάρχουν, Καταχωρήστε ετικέτα πρώτοι!
|
MARC
| LEADER | 00000nam a2200000 i 4500 | ||
|---|---|---|---|
| 001 | 1/11966 | ||
| 008 | 971211s1995 eng d | ||
| 020 | |a 0521635799 | ||
| 035 | |1 ΠΑΡ |a 1997 |l 10018453 | ||
| 040 | |a GR-MY-UA |b gre |e aacr | ||
| 041 | 0 | |a eng | |
| 082 | 0 | |a 333.95 | |
| 245 | 1 | 4 | |a The economics and ecology of biodiversity decline : |b the forces driving global change / |c Edited by Timothy M. Swanson |
| 260 | |a Cambridge : |b Cambridge University Press, |c 1998 | ||
| 300 | |a 162 p. | ||
| 500 | |a Papers originally presented at a symposium held at King's College, Cambridge, in July 1993 | ||
| 650 | 0 | 0 | |a Biological diversity conservation |x Congresses. |
| 650 | 0 | 0 | |a Economic development |x Environmental aspects |x Congresses. |
| 650 | 0 | 0 | |a Biological diversity conservation |x Economic aspects |x Congresses. |
| 700 | 1 | |a Swanson, Timothy M. |4 edt | |
| 852 | |a INST |b LESVOS |e 19971211 |h 333.95 ECO |p 005100015450 |q 005100015450 |t BK |y 0 | ||
| 852 | |a INST |b LESVOS |e 19991215 |h 333.95 ECO |p 005100018869 |q 005100018869 |t BK |y 0 | ||
| 901 | |a BIBL1-1999-3 | ||
| 909 | |a Λ |b 051459 | ||
| 909 | |a Λ |b 071406 | ||
| 922 | |a 1ΕΛΗ |b 199912 |c ΚΠΣ/ΠΜΣ |d ΠΑΠΑΣΩΤΗΡΙΟΥ | ||
| 950 | |a 054/1996-02-23 | ||
| 950 | |a 157-1999-10-15 | ||
| 970 | |a ΚΑΜΑΤΣΟΥ |b ΔΕΣΠΟΙΝΑ |z 2000/01/07 | ||